| 000 | 01077cam a22002651 4500 | ||
|---|---|---|---|
| 001 | gs 63000209 | ||
| 003 | DLC | ||
| 005 | 20260227111412.0 | ||
| 008 | 740104s1962 xx 000 0 eng | ||
| 010 | _ags 63000209 | ||
| 035 | _a(OCoLC)770066 | ||
| 040 |
_aDLC _cOAU _dOCoLC _dDLC |
||
| 042 | _apremarc | ||
| 050 | 0 | 0 |
_aQE138.E4 _bD4 |
| 100 | 1 |
_aDecker, Robert W. _q(Robert Wayne), _d1927- |
|
| 245 | 1 | 0 |
_aGeology of the Bull Run quadrangle, Elko County, Nevada, _cby Robert W. Decker. |
| 260 |
_aReno, _bMackay School of Mines, University of Nevada, _c1962. |
||
| 300 |
_av, 65, vii-xii p. _billus., maps (1 fold. col. in pocket) _c24 cm. |
||
| 410 | 2 | 0 |
_aNevada Bureau of Mines. _tBulletin _v60 |
| 500 | _aRevision and expansion of a thesis on the Centennial Range (Bull Run Mountains) submitted to the Colorado School of Mines. | ||
| 500 | _a"Publications of the Nevada Bureau of Mines and associated organizations": p. vii-xii. | ||
| 504 | _aBibliography: p. 58-61. | ||
| 650 | 0 |
_aGeology _zNevada _zElko County. |
|
| 740 | 0 | _aBull Run quadrangle, Elko county, Nevada. | |
| 999 |
_c29711 _d29711 |
||